Молния; Наука и жизнь; № 7

Бібліографічні деталі
Parent link:Наука и жизнь
№ 7.— 1937.— С. 21-26
Автор: Воробьев А. А. Александр Акимович
Резюме:В фонде НТБ ТПУ отсутствует
Мова:Російська
Опубліковано: 1937
Предмети:
Формат: Частина з книги
KOHA link:https://koha.lib.tpu.ru/cgi-bin/koha/opac-detail.pl?biblionumber=595681

MARC

LEADER 00000naa0a2200000 4500
001 595681
005 20250303095540.0
035 |a (RuTPU)RU\TPU\tpu\17263 
090 |a 595681 
100 |a 20100309d1937 k y0rusy50 ca 
101 0 |a rus 
102 |a RU 
200 1 |a Молния  |f А. А. Воробьев 
333 |a В фонде НТБ ТПУ отсутствует 
461 |t Наука и жизнь 
463 |t № 7  |v С. 21-26  |d 1937 
610 1 |a труды учёных ТПУ 
700 1 |a Воробьев  |b А. А.  |c российский физик  |c ректор Томского политехнического института, профессор  |f 1909-1981  |g Александр Акимович  |3 (RuTPU)RU\TPU\pers\12805  |4 070 
801 1 |a RU  |b 63413507  |c 20100309 
801 2 |a RU  |b 63413507  |c 20120110  |g RCR 
942 |c CR